| 000 | 01173nam a2200265 i 4500 | ||
|---|---|---|---|
| 001 | 197041 | ||
| 003 | SpMaBN | ||
| 005 | 20250813063348.0 | ||
| 007 | t| | ||
| 008 | 250317|2024 xx |||||||||||||| ||spa|| | ||
| 017 |
_aM 15822-2024 _bOficina Depósito Legal Madrid |
||
| 020 | _a9788410670716 | ||
| 040 |
_aSpMaBN _bspa _cSpMaBN _erda |
||
| 245 | 1 | 0 |
_aLas nuevas microscopías : _bherramientas para la exploración del nanomundo / _cJuan de Dios Alché Ramírez, Agustina Asenjo Barahona, José Miguel García Martín y Pedro A. Serena Domingo. |
| 300 |
_a124 páginas ; _c22 cm |
||
| 336 |
_2rdacontent _atexto |
||
| 337 |
_2rdamedia _asin mediación |
||
| 338 |
_2rdacarrier _avolumen |
||
| 650 | 4 |
_915032 _aMicroscopía |
|
| 852 |
_aES-MaACL _cDEPOJ _jN-10417 _gDedicatoria autógrafa de los autores _hDonación: Juan de Dios Alché Ramírez; Agustina Asenjo; José Miguel García; Pedro A. Serena. _xEncuadernación rústica con solapas _9206540 |
||
| 942 |
_cMONOGRAFIA _n0 |
||
| 999 |
_c197041 _d197041 |
||